Beklenmeyeni bekleyin (yoksa onu asla bulamazsınız) (Record no. 1211)
[ view plain ]
| 000 -BAŞLIK | |
|---|---|
| Sabit Uzunlukta Kontrol Alanı | 01068na a2200277 4500 |
| 001 - KONTROL NUMARASI | |
| Denetim Alanı | 12653 |
| 003 - KONTROL NUMARASI IDENTIFIER | |
| Denetim Alanı | MIRAKIL |
| 005 - SON İŞLEM TARİHİ VE ZAMANI | |
| Denetim Alanı | 20181213154815.0 |
| 008 - SABİT-BOY VERİ ELEMANLARI - GENEL BİLGİLER | |
| Sabit Uzunlukta Kontrol Alanı | 160812b tu 000 0 |
| 020 ## - ULUSLARARASI STANDART KİTAP NUMARASI | |
| Uluslararası Standart Kitap Numarası | 9757800910 |
| 035 ## - SİSTEM KONTROL NUMARASI | |
| Sistem Kontrol Numarası | 12653 |
| 040 ## - KATALOGLAMA KAYNAK | |
| Orijinal Kataloglama Ajansı | Milas |
| Kataloglama Dili | tur |
| Metne Dönüştürmek Ajansı | TR-AnCHP |
| 082 ## - DEWEY ONLU SINIFLANDIRMA NUMARASI | |
| Sınıflandırma Numarası | 182 |
| Ürün Numarası | V65b 2002 |
| 090 ## - SINIFLAMA NUMARASI | |
| Sınıflama Numarası | 182 V65b 2002 |
| 100 ## - ANA GİRİŞ - KİŞİSEL İSİM | |
| Kişisel Ad | Von Oech, Roger |
| 245 ## - BAŞLIK TABLOSU | |
| Başlık | Beklenmeyeni bekleyin (yoksa onu asla bulamazsınız) |
| Başlığın Kalan | Heraklitus'un kadim bilgeliğine dayanan bir yaratıcılık aracı |
| Sorumluluk Tablosu, Vb | Roger Von Oech Türkçesi ; Meltem Altan. |
| 246 ## - UNVAN FORM VARYING | |
| Başlık Doğru / Kısa Başlığı | Heraklitus'un kadim bilgeliğine dayanan bir yaratıcılık aracı |
| 260 ## - YAYIN, DAĞITIM, VB | |
| Yayın, Dağıtım, Vb Yeri | İstanbul |
| Yayıncı, Dağıtıcı, Vs Adı | Dharma Yayınları |
| Yayın, Dağıtım, Vb Tarihi | 2002 |
| 300 ## - FİZİKSEL TANIM | |
| Kapsam | 246 s. |
| Diğer Fiziksel Ayrıntıları | res. |
| Boyutlar | 18 sm. |
| 500 ## - GENEL NOT | |
| Genel Not | Özgün yapıt adı: Expect the unexpected (or you won't find it) :a creativity tool based on the ancient wisdom of Heraclitus |
| 600 ## - KONU KATMA GİRİŞ - KURUMSAL ADI | |
| Kişisel Ad | Heraklitos |
| Bir Adıyla İlişkilendirilen Tarihler | İ.Ö. 550-480 |
| Relator Terim | Varlık |
| 650 ## - KONU KATMA GİRİŞ - TOPİKAL DÖNEM | |
| Topikal Süreli Veya Coğrafi Ad Giriş Elemanı | Yaratıcılık (Felsefe) |
| Genel Alt Bölümü | Eski çağ bilgeliği |
| 650 ## - KONU KATMA GİRİŞ - TOPİKAL DÖNEM | |
| Topikal Süreli Veya Coğrafi Ad Giriş Elemanı | Eski çağ felsefesi |
| Genel Alt Bölümü | Heraklitos |
| 700 ## - KATMA GİRİŞ - KİŞİSEL İSİM | |
| Kişisel Ad | Altan, Meltem |
| 942 ## - EKLENDİ GİRİŞ ELEMANLARI (KOHA) | |
| Sınıflandırma Veya Raf Düzeni Kaynak | |
| Koha Öğesi Türü | Books |
| 999 ## - SİSTEM KONTROL NUMARALARI (KOHA) | |
| Koha Biblionumber | 1211 |
| Koha Biblioitemnumber | 1211 |
| Kalıcı Konum | Mevcut Konum | Edinme Tarihi | Edinim Kaynak | Toplam Check-Out'Lar | Tam Çağrı Numarası | Barkod | Tarih Son Görülme | İtibaren Geçerli Fiyatlar | Koha Öğesi Türü |
|---|---|---|---|---|---|---|---|---|---|
| CHP Kütüphanesi | CHP Kütüphanesi | 07/29/2016 | Bağış | 182 V65b 2002 | 000507 | 07/29/2016 | 07/29/2016 | Books |
